O livro do sexo (Registo nº 21770)

Detalhes MARC
000 -Etiqueta do registo
Valores 00546nam a22002051i 4500
010 ## - Número ISBN
ISBN 9789727115358
090 ## -
-- 21770
100 ## - Dados gerais de processamento
Dados gerais 20170304u u u0frey50 ba
200 1# - Titulo e menção de responsabilidade
Primeira menção de responsabilidade Osho
Título próprio O livro do sexo
Informação de outro título do sexo à superconsciência
210 ## - Publicação
Nome do editor Pergaminho
Data de publicação 2005
215 ## - Descrição física 
Paginação / Volumes 328, [8] p.
Dimensões 23 cm
225 2# - Colecção 
Título próprio da colecção Os livros de Osho
300 ## - Notas gerais 
Texto da nota Oferta de Jorge Araújo
606 ## - Nome comum usado como assunto
ID Autoridade 3302
Palavra de ordem Psicologia sexual
606 ## - Nome comum usado como assunto
ID Autoridade 651
Palavra de ordem Sexualidade
675 ## - CDU
Notação 159.922
-- 613
700 ## - Autor principal (pessoa individual)
Apelido Osho
Datas 1931-1990
ID Autoridade 6242
801 ## - Fonte de origem
País PT
Regras de catalogação RPC
990 ## - Elementos KOHA
Tipo de documento Livro
Exemplares
Situação do levantamento Estado Biblioteca de origem Biblioteca de empréstimo Código de barras Cota Permissão de empréstimo Tipo de documento Forma de aquisição
  Completo Biblioteca Municipal de Viana Do Alentejo Biblioteca Municipal de Viana Do Alentejo 0027577 159.9 OSH Disponível Livro  
  Completo Biblioteca Municipal de Viana Do Alentejo Biblioteca Municipal de Viana Do Alentejo Pólo Aguiar 0035497 159-9 OSH Disponível Livro Oferta




Powered by Koha